01077cam a2200265 a 450000100100000000500170001000800410002702000150006804000290008305000230011208200190013510000250015424501400017926000510031930000330037049000630040350400320046665000360049865000300053483000700056491000340063404900090066895201170067799900170079400001495720200929163929.0841023s1985 ilua b 001 0 eng  a0256031428 aDO-SdBNPbengcLCdBNPHU00aHD58.7b.S285 1985 a302.3/5bS253c1 aSathe, Vijay.93384910aCulture and related corporate realities :btext, cases, and readings on organizational entry, establishment, and change /cVijay Sathe. aHomewood, Illinois :bRichard D. Irwin,c1985. axvi, 579 p. :bil. ;c26 cm.14aThe Irwin series in management and the behavioral sciences aBibliografía: p. 558-565. 0aOrganizational behavior.933850 0aCorporate culture.933851 0aThe Irwin series in management and the behavioral sciences933852 aCatalogación por copia / LC aBNGR 001050718MOaGRbGRcCTd2010-01-27iLF1l0o302.3/5 S253cp14957-10r2020-06-25w2020-06-25y1ZNo se presta c14532d14532